000 00433nam a2200169Ia 4500
003 GCL
008 140319s9999 xx 000 0 ara d
040 _aGCL /
_cGCL
082 0 4 _aط
_b780
_bط م
100 1 _aطلال سعيد
245 1 0 _aالموسيقى (3) /
_cطلال سعيد
300 _a24 ص
490 _a100 قصة
_v0
650 0 4 _aالموسيقى
650 0 4 _aالالات الموسيقية
942 _2ddc
_cBK
999 _c45780
_d45780